000 00989nab a22002177a 4500
999 _c5824
_d5824
003 OSt
005 20260107121401.0
008 190514b xxu||||| |||| 00| 0 spa d
040 _cPJ
100 _96729
_aMastromauro, Susana
245 1 0 _aDerecho y obligación alimentaria de los adultos mayores en el derecho de las familias /
_cSusana Mastromauro.
300 _ap. 75-94
505 _aSumario: I. Introducción.— II. Obligación alimentaria entre parientes.— III. Derecho alimentario de los adultos mayores.— IV. La obligación alimentaria de los abuelos.— V. Conclusión.
505 _tSi te interesa el texto, comunicate a koha@justierradelfuego.gov.ar
650 0 _9967
_aDERECHO DE FAMILIA
650 0 _95363
_aDERECHOS HUMANOS DE LAS PERSONAS CON DISCAPACIDAD
650 0 _9968
_aALIMENTOS
650 0 _91074
_aOBLIGACION ALIMENTARIA
773 0 _02844
_93222
_dBuenos Aires : AbeledoPerrot, 1989-
_tDerecho de familia. N° 118 - Marzo 2025
_z18511201
942 _2udc
_cANA